000 00847nas a2200289 4500
001 BR8401815
003 BR-BrBNA
005 20231205085858.0
007 ta
008 230509b bl.|||p| |||| 00| 00por d
040 _aBR-BrBNA
_bpor
_cBiblioteca Nacional de Agricultura
041 _a(Pt)
072 _aL70
100 1 _aAugusto, C.
100 1 _aGorni, M.
100 1 _aGacek, F.
100 1 _aOliveira, F.R.A.P. de
245 1 _aViabilidade no uso do aldeido formico na castracao de equideos
246 1 _aViability of the use of formaldehyde for castration in horses
650 _aEQUINO
650 _aCASTRACAO
650 _aCIRURGIA
650 _aTESTICULO
773 0 _tZootecnia (Brazil)
_xISSN 0044-5320
_g(Oct 1983), v. 21(4) p. 285-293
_wBR8401815
909 _a202311
_bLúcia
_c55
_dLúcia Elande
942 _2AGRIS
_n0
_cANA
999 _c114477
_d114477